| 000 | 00827cam a22002777a 4500 | ||
|---|---|---|---|
| 001 | 000821 | ||
| 003 | armpunfd | ||
| 005 | 20140612090622.0 | ||
| 008 | 011019e1998####xx#a##########000#0#und#d | ||
| 040 |
_aarmpunfd _carmpunfd |
||
| 080 | _a347.735 G 16 | ||
| 100 | 1 | 0 | _a Garaguso, Horacio Pablo |
| 245 | 1 | 0 | _aVerificacion de creditos en los paises del mercosur: una propuesta de armonizacion e integracion |
| 260 |
_a Buenos Aires _b Ad- Hoc _c1998 |
||
| 300 | _a144p. | ||
| 650 | 7 |
_a Concursos _2LEMB |
|
| 650 | 7 |
_a Derecho Concursal _2LEMB |
|
| 650 | 7 |
_a Quiebra _2LEMB |
|
| 650 | 7 |
_a Verificacion De Creditos _2LEMB |
|
| 700 | 1 | 0 | _aMedina, Maria Rosa D. |
| 942 |
_cLB _2cdu |
||
| 945 |
_aCatalis _d2010-08-19 |
||
| 945 |
_aCatalis _d2010-08-19 |
||
| 945 |
_aCatalis _d2010-08-19 |
||
| 945 |
_aCatalis _d2010-08-19 |
||
| 999 |
_c812 _d231316 |
||